Fuentes para la historia de la universidad : (Record no. 25394)

MARC details
000 -CABECERA
campo de control de longitud fija 00900nam a2200193 a 4500
005 - FECHA Y HORA DE LA ÚLTIMA TRANSACCIÓN
campo de control 20210219151004.0
008 - ELEMENTOS DE LONGITUD FIJA--INFORMACIÓN GENERAL
campo de control de longitud fija 991125s1949 mon 000 0 spa u
035 ## - NÚMERO DE CONTROL DEL SISTEMA
Número de control de sistema UPN01000025394
049 ## - COLECCIÓN
Colección CG
050 #4 - SIGNATURA TOPOGRÁFICA DE LA BIBLIOTECA DEL CONGRESO
Número de clasificación LE71 M62
Número de documento/Ítem U5.3
245 00 - MENCIÓN DE TÍTULO
Título Fuentes para la historia de la universidad :
Resto del título serie I, t.1 : actas del Consejo Universitario 1849-1870
-- actas del Consejo Universitario 1849-1870 /
Mención de responsabilidad, etc. Universidad de la República Oriental del Uruguay ; introd. de Felipe Gil
260 ## - PUBLICACIÓN, DISTRIBUCIÓN, ETC.
Lugar de publicación, distribución, etc. Montevideo :
Nombre del editor, distribuidor, etc. Universidad de la República Oriental del Uruguay, Instituto de Investigaciones Históricas,
Fecha de publicación, distribución, etc. 1949
300 ## - DESCRIPCIÓN FÍSICA
Extensión xx, 545 p., [21] h. de lá
500 ## - NOTA GENERAL
Nota general "Publicación conmemorativa del centenario de su inauguración"
610 24 - ASIENTO SECUNDARIO DE MATERIA - NOMBRE CORPORATIVO
Nombre de entidad corporativa o nombre de jurisdicción como elemento de entrada UNIVERSIDAD DE LA REPUBLICA ORIENTAL DEL URUGUAY-
Subdivisión general HISTORIA
710 2# - ASIENTO SECUNDARIO - NOMBRE CORPORATIVO
Nombre de entidad corporativa o nombre de jurisdicción como elemento de entrada Universidad de la República Oriental del Uruguay
904 ## - ELEMENTOS DE DATOS D LOCAL, LDD (RLIN)
a AC
b 025395
905 ## - TIPO DE MATERIAL
Tipo de material Libro
Holdings
Estado de retiro Estado de pérdida Fuente del sistema de clasificación o colocación Estado dañado No para préstamo Código de colección Localización permanente Ubicación/localización actual Ubicación en estantería Enumeración/cronología de publicación seriada Total de préstamos Clasificación Código de barras Fecha visto por última vez Número de copia Tipo de ítem Koha
    Library of Congress Classification     Colección General Bib. Gregorio Torres Quintero Bib. Gregorio Torres Quintero Planta baja - 1 LE71 M62 U5.3 40803 31/12/2020 1 Libro